Normal view MARC view

Entry Topical Term

Number of records used in: 1

001 - CONTROL NUMBER

  • control field: 225415

003 - CONTROL NUMBER IDENTIFIER

  • control field: OSt

005 - DATE AND TIME OF LATEST TRANSACTION

  • control field: 20250729165513.0

008 - FIXED-LENGTH DATA ELEMENTS

  • fixed length control field: 250729|| aca||aabn | a|a d

040 ## - CATALOGING SOURCE

  • Original cataloging agency: OSt
  • Transcribing agency: OSt

150 ## - HEADING--TOPICAL TERM

  • Topical term or geographic name entry element: Education

670 ## - SOURCE DATA FOUND

  • Source citation: Work cat.: (OSt)236899: Bhat Vijayashankar 225414, After S.S.L.C. & PUC what next?, 1995